| 000 | 00432nam a2200157Ia 4500 | ||
|---|---|---|---|
| 008 | 151213s9999 xx 000 0 und d | ||
| 100 | _aR. Pal & J.S. Korlahali | ||
| 245 |
_aEssential of Business Communication _cR. Pal & J.S. Korlahali |
||
| 250 | _a12 th | ||
| 260 |
_aNew York _bSultan Chand & Sons _c2001 |
||
| 300 | _a4261 p. | ||
| 650 | _aBusiness | ||
| 650 | _aBusiness | ||
| 700 | _aR. Pal & J.S. Korlahali | ||
| 999 |
_c2685 _d2685 |
||